<?xml version="1.0" encoding="UTF-8"?>
<record
    xmlns:xsi="http://www.w3.org/2001/XMLSchema-instance"
    xsi:schemaLocation="http://www.loc.gov/MARC21/slim http://www.loc.gov/standards/marcxml/schema/MARC21slim.xsd"
    xmlns="http://www.loc.gov/MARC21/slim">

  <leader>00970nam1a22002291i 4500</leader>
  <controlfield tag="001">rc\86678</controlfield>
  <controlfield tag="005">20260406111120.0</controlfield>
  <datafield tag="010" ind1=" " ind2=" ">
    <subfield code="a">5300008141</subfield>
    <subfield code="9">36000</subfield>
  </datafield>
  <datafield tag="035" ind1=" " ind2=" ">
    <subfield code="a">(NLR Aleph) 005391484</subfield>
  </datafield>
  <datafield tag="090" ind1=" " ind2=" ">
    <subfield code="a">7190744</subfield>
    <subfield code="c">7190744</subfield>
  </datafield>
  <datafield tag="100" ind1=" " ind2=" ">
    <subfield code="a">20021216d1996    u  |0rusy50      ca</subfield>
  </datafield>
  <datafield tag="101" ind1="0" ind2=" ">
    <subfield code="a">rus</subfield>
  </datafield>
  <datafield tag="102" ind1=" " ind2=" ">
    <subfield code="a">RU</subfield>
  </datafield>
  <datafield tag="105" ind1=" " ind2=" ">
    <subfield code="a">y   |||||||||</subfield>
  </datafield>
  <datafield tag="200" ind1="1" ind2=" ">
    <subfield code="a">&#x41F;&#x43E;&#x43B;&#x438;&#x442;&#x438;&#x447;&#x435;&#x441;&#x43A;&#x430;&#x44F; &#x438;&#x441;&#x442;&#x43E;&#x440;&#x438;&#x44F;</subfield>
    <subfield code="e">&#x420;&#x43E;&#x441;&#x441;&#x438;&#x44F; - &#x421;&#x421;&#x421;&#x420; - &#x420;&#x43E;&#x441;. &#x424;&#x435;&#x434;&#x435;&#x440;&#x430;&#x446;&#x438;&#x44F;</subfield>
    <subfield code="e">[&#x412; 2 &#x442;.]</subfield>
    <subfield code="f">&#x420;&#x43E;&#x441;. &#x43D;&#x435;&#x437;&#x430;&#x432;&#x438;&#x441;&#x438;&#x43C;&#x44B;&#x439; &#x438;&#x43D;-&#x442; &#x441;&#x43E;&#x446;. &#x438; &#x43D;&#x430;&#x446;. &#x43F;&#x440;&#x43E;&#x431;&#x43B;&#x435;&#x43C;, &#x426;&#x435;&#x43D;&#x442;&#x440; &#x43F;&#x43E;&#x43B;&#x438;&#x442;. &#x438; &#x44D;&#x43A;&#x43E;&#x43D;. &#x438;&#x441;&#x442;&#x43E;&#x440;&#x438;&#x438; &#x420;&#x43E;&#x441;&#x441;&#x438;&#x438;, &#x41D;&#x430;&#x443;&#x447;. &#x446;&#x435;&#x43D;&#x442;&#x440; "&#x420;&#x443;&#x441;&#x441;&#x438;&#x43A;&#x430;"</subfield>
  </datafield>
  <datafield tag="210" ind1=" " ind2=" ">
    <subfield code="a">&#x41C;.</subfield>
    <subfield code="c">&#x418;&#x437;&#x434;. &#x446;&#x435;&#x43D;&#x442;&#x440; "&#x422;&#x435;&#x440;&#x440;&#x430;"</subfield>
    <subfield code="d">1996</subfield>
  </datafield>
  <datafield tag="215" ind1=" " ind2=" ">
    <subfield code="d">21</subfield>
  </datafield>
  <datafield tag="712" ind1="0" ind2="2">
    <subfield code="a">&#x420;&#x43E;&#x441;&#x441;&#x438;&#x439;&#x441;&#x43A;&#x438;&#x439; &#x43D;&#x435;&#x437;&#x430;&#x432;&#x438;&#x441;&#x438;&#x43C;&#x44B;&#x439; &#x438;&#x43D;&#x441;&#x442;&#x438;&#x442;&#x443;&#x442; &#x441;&#x43E;&#x446;&#x438;&#x430;&#x43B;&#x44C;&#x43D;&#x44B;&#x445; &#x438; &#x43D;&#x430;&#x446;&#x438;&#x43E;&#x43D;&#x430;&#x43B;&#x44C;&#x43D;&#x44B;&#x445; &#x43F;&#x440;&#x43E;&#x431;&#x43B;&#x435;&#x43C;</subfield>
    <subfield code="3">RU\NLR\AUTH\886465</subfield>
    <subfield code="9">284775</subfield>
  </datafield>
  <datafield tag="801" ind1=" " ind2="0">
    <subfield code="a">RU</subfield>
    <subfield code="b">NLR</subfield>
    <subfield code="g">psbo</subfield>
  </datafield>
  <datafield tag="801" ind1=" " ind2="1">
    <subfield code="a">RU</subfield>
    <subfield code="b">ELAR</subfield>
    <subfield code="2">rusmarc</subfield>
  </datafield>
  <datafield tag="852" ind1=" " ind2=" ">
    <subfield code="a">NLR</subfield>
    <subfield code="j">96-3/13263</subfield>
  </datafield>
  <datafield tag="942" ind1=" " ind2=" ">
    <subfield code="c">BOOK</subfield>
  </datafield>
</record>
